[Event "Oberliga Nord O 1213"]
[Site "Germany"]
[Date "2013.03.17"]
[Round "8.6"]
[White "Grottke, Hans Joachim"]
[Black "Mueller, Sebastian"]
[Result "1/2-1/2"]
[WhiteElo "2232"]
[BlackElo "2235"]
[PlyCount "27"]
[EventDate "2012.10.17"]
[EventType "team-tourn"]
[EventRounds "9"]
[EventCountry "GER"]
[SourceTitle "EXT 2015"]
[Source "ChessBase"]
[SourceDate "2014.11.20"]
[SourceVersion "1"]
[SourceVersionDate "2014.11.20"]
[SourceQuality "1"]
[WhiteTeam "Potsdam Empor"]
[BlackTeam "Lasker Steglitz"]
[WhiteTeamCountry "GER"]
[BlackTeamCountry "GER"]

1. e4 e5 2. Nf3 Nf6 3. Nxe5 d6 4. Nf3 Nxe4 5. Qe2 Qe7 6. d3 Nf6 7. Qxe7+ Bxe7 8. Nc3 Bd7 9. d4 Bf5 10. Bb5+ Nbd7 11. Ba4 0-0-0 12. 0-0 h6 13. h3 Rhe8 14. Bb3 1/2-1/2

[Event "Oberliga Nord O 1213"]
[Site "Germany"]
[Date "2013.02.03"]
[Round "6.5"]
[White "Mueller, Michael"]
[Black "Grottke, Hans Joachim"]
[Result "1/2-1/2"]
[WhiteElo "2253"]
[BlackElo "2232"]
[PlyCount "108"]
[EventDate "2012.10.17"]
[EventType "team-tourn"]
[EventRounds "9"]
[EventCountry "GER"]
[SourceTitle "EXT 2015"]
[Source "ChessBase"]
[SourceDate "2014.11.20"]
[SourceVersion "1"]
[SourceVersionDate "2014.11.20"]
[SourceQuality "1"]
[WhiteTeam "Pankow Rotation"]
[BlackTeam "Potsdam Empor"]
[WhiteTeamCountry "GER"]
[BlackTeamCountry "GER"]

1. d4 d5 2. c4 c6 3. Nf3 Nf6 4. e3 e6 5. b3 Nbd7 6. Be2 Bd6 7. Bb2 b6 8. 0-0 Bb7 9. Nc3 0-0 10. Qc2 Rc8 11. e4 e5 12. exd5 cxd5 13. Nb5 Bb8 14. dxe5 Ne4 15. Qd1 Re8 16. cxd5 Nxe5 17. d6 Nxd6 18. Nxe5 Nxb5 19. Qxd8 Rexd8 20. Bxb5 Bxe5 21. Bxe5 Rc5 22. Rad1 Ra8 23. Bc4 Rxe5 24. Rd7 Bc6 25. Bxf7+ Kf8 26. Rc7 Re7 27. Rxe7 Kxe7 28. Rc1 Bxg2 29. Kxg2 Kxf7 30. Rc7+ Kf6 31. Kf3 h5 32. Ke4 Re8+ 33. Kd3 Re1 34. Rxa7 Rh1 35. Ke3 Rxh2 36. Kf3 Rh4 37. Rc7 Rb4 38. Kg3 g5 39. Rh7 h4+ 40. Kf3 b5 41. Rh8 Rf4+ 42. Kg2 b4 43. Ra8 Kf5 44. a4 Kg4 45. Rb8 h3+ 46. Kg1 Kf3 47. Rh8 Ke4 48. Rb8 Kf3 49. Rh8 g4 50. a5 Rf5 51. a6 Ra5 52. Rf8+ Ke4 53. Rg8 Kf3 54. Rf8+ Ke4 1/2-1/2

[Event "GER-chT Seniors 21st"]
[Site "Berlin"]
[Date "2012.09.15"]
[Round "6.7"]
[White "Rosen, Willy"]
[Black "Grottke, Hans Joachim"]
[Result "1-0"]
[WhiteElo "2217"]
[BlackElo "2113"]
[PlyCount "53"]
[EventDate "2012.09.10"]
[EventType "team-swiss"]
[EventRounds "7"]
[EventCountry "GER"]
[SourceTitle "CBM 150 Extra"]
[Source "ChessBase"]
[SourceDate "2012.10.19"]
[SourceVersion "1"]
[SourceVersionDate "2012.10.19"]
[SourceQuality "1"]
[WhiteTeam "NRW Seniors"]
[BlackTeam "Brandenburg"]
[WhiteTeamCountry "GER"]
[BlackTeamCountry "GER"]

1. e4 e6 2. d4 d5 3. Nc3 Bb4 4. a3 Bxc3+ 5. bxc3 dxe4 6. Qg4 Nf6 7. Qxg7 Rg8 8. Qh6 c5 9. Ne2 Nbd7 10. a4 Qc7 11. Qd2 b6 12. a5 Bb7 13. Bb2 c4 14. Nf4 b5 15. Be2 a6 16. Qe3 0-0-0 17. h3 Nd5 18. Nxd5 Bxd5 19. 0-0 f5 20. Bc1 Rxg2+ 21. Kxg2 f4 22. Qxf4 e3+ 23. Kg3 Rg8+ 24. Bg4 h5 25. Qxc7+ Kxc7 26. Bxe3 hxg4 27. hxg4 1-0